| 000 | 00770pam a2200241 a 4500 | ||
|---|---|---|---|
| 001 | 1053856 | ||
| 005 | 20180220043116.0 | ||
| 008 | 900409s1991 enk b 001 0 eng | ||
| 010 | _a 90036325 | ||
| 020 | _a0415052270 | ||
| 040 |
_aDLC _cDLC _dDLC |
||
| 041 | _aeng | ||
| 043 | _ae-uk--- | ||
| 080 | _a306.87 | ||
| 082 | 0 | 0 |
_a306.87 ROB _220 |
| 100 | 1 | _a50 | |
| 101 | _aSOC | ||
| 245 | 1 | 0 |
_aFamily transformation through divorce and remarriage : _cMargaret Robinson. |
| 504 | _aIncludes bibliographical references (p. [304]-330) and indexes. | ||
| 906 |
_a7 _bcbc _corignew _d1 _eocip _f19 _gy-gencatlg |
||
| 942 |
_2ddc _cBK |
||
| 999 |
_c42899 _d42899 |
||